|
|
|
|
| LEADER |
00581cam a2200157ua 4500 |
| 020 |
|
|
|a 0-521-57680-6
|
| 082 |
|
|
|a 812.009 928 7
|b CAM
|
| 245 |
0 |
0 |
|a Cambridge companion to American women playwrights
|
| 260 |
|
|
|a Cambridge
|b Cambridge University Press
|c 1999
|
| 300 |
|
|
|a xxxviii, 285p.
|
| 650 |
|
|
|a American drama- History and criticism
|
| 650 |
0 |
|
|a Woman and literature- United States
|
| 700 |
0 |
2 |
|a Murphy, Brenda
|
| 942 |
|
|
|c BK
|
| 999 |
|
|
|c 3451
|d 3451
|
| 952 |
|
|
|0 0
|1 0
|4 0
|6 812_009000000000000_928_7_CAM
|7 0
|9 3604
|a KUCL
|b KUCL
|d 2014-05-23
|l 1
|m 1
|o 812.009 928 7 CAM
|p 06582
|r 2018-02-22
|s 2018-01-01
|y BK
|